<?xml version="1.0" encoding="UTF-8"?>
<record
    xmlns:xsi="http://www.w3.org/2001/XMLSchema-instance"
    xsi:schemaLocation="http://www.loc.gov/MARC21/slim http://www.loc.gov/standards/marcxml/schema/MARC21slim.xsd"
    xmlns="http://www.loc.gov/MARC21/slim">

  <leader>00739nas a2200217 454500</leader>
  <controlfield tag="001">15206</controlfield>
  <controlfield tag="005">20260407193505.0</controlfield>
  <controlfield tag="008">260407s1984####ag###########|||spa#d</controlfield>
  <controlfield tag="003">AR-UNSa-BCEJYS</controlfield>
  <datafield tag="040" ind1=" " ind2=" ">
    <subfield code="a">AR-UNSa-BCEJYS</subfield>
    <subfield code="b">spa</subfield>
    <subfield code="c">AR-UNSa-BCEJYS</subfield>
  </datafield>
  <datafield tag="080" ind1=" " ind2=" ">
    <subfield code="a">657</subfield>
    <subfield code="x">Contabilidad</subfield>
  </datafield>
  <datafield tag="245" ind1="1" ind2="0">
    <subfield code="a">Revista extra trimestral la informaci&#xF3;n</subfield>
    <subfield code="p">contabilidad-administraci&#xF3;n</subfield>
  </datafield>
  <datafield tag="264" ind1=" " ind2="1">
    <subfield code="a">Buenos Aires :</subfield>
    <subfield code="b">Cangallo</subfield>
    <subfield code="c">1984</subfield>
  </datafield>
  <datafield tag="310" ind1=" " ind2=" ">
    <subfield code="a">Frecuencia: Trimestral</subfield>
  </datafield>
  <datafield tag="942" ind1=" " ind2=" ">
    <subfield code="c">SER</subfield>
  </datafield>
  <datafield tag="590" ind1=" " ind2=" ">
    <subfield code="a">niveau_biblio:s niveau_hierar:1</subfield>
  </datafield>
  <datafield tag="100" ind1="1" ind2=" ">
    <subfield code="a">Wainstein, Mario</subfield>
  </datafield>
  <datafield tag="650" ind1=" " ind2=" ">
    <subfield code="a">CONTABILIDAD</subfield>
  </datafield>
  <datafield tag="650" ind1=" " ind2=" ">
    <subfield code="a">Administraci&#xF3;n</subfield>
  </datafield>
  <datafield tag="856" ind1="4" ind2="1">
    <subfield code="u">https://biblioeco.unsa.edu.ar/pmb/images/revistas/La Informaci?n(revista extra trimestral).jpg</subfield>
    <subfield code="y">Imagen de portada</subfield>
    <subfield code="q">image/jpeg</subfield>
  </datafield>
  <datafield tag="999" ind1=" " ind2=" ">
    <subfield code="c">8475</subfield>
    <subfield code="d">8475</subfield>
  </datafield>
  <datafield tag="952" ind1=" " ind2=" ">
    <subfield code="0">0</subfield>
    <subfield code="1">0</subfield>
    <subfield code="4">0</subfield>
    <subfield code="7">0</subfield>
    <subfield code="a">BCEJYS</subfield>
    <subfield code="b">BCEJYS</subfield>
    <subfield code="c">17</subfield>
    <subfield code="d">1992-09-01</subfield>
    <subfield code="h">A&#xF1;o LXIII, N&#xBA; 31 - sep. 1992</subfield>
    <subfield code="l">0</subfield>
    <subfield code="o">H657 REV 31</subfield>
    <subfield code="p">R07592</subfield>
    <subfield code="r">2026-04-10 16:07:36</subfield>
    <subfield code="w">2026-04-10</subfield>
    <subfield code="y">RN</subfield>
  </datafield>
  <datafield tag="952" ind1=" " ind2=" ">
    <subfield code="0">0</subfield>
    <subfield code="1">0</subfield>
    <subfield code="4">0</subfield>
    <subfield code="7">0</subfield>
    <subfield code="a">BCEJYS</subfield>
    <subfield code="b">BCEJYS</subfield>
    <subfield code="c">17</subfield>
    <subfield code="d">1992-03-01</subfield>
    <subfield code="h">A&#xF1;o LXIII, N&#xBA; 29 - mar. 1992</subfield>
    <subfield code="l">0</subfield>
    <subfield code="o">H657 REV 29</subfield>
    <subfield code="p">R07591</subfield>
    <subfield code="r">2026-04-10 16:07:36</subfield>
    <subfield code="w">2026-04-10</subfield>
    <subfield code="y">RN</subfield>
  </datafield>
  <datafield tag="952" ind1=" " ind2=" ">
    <subfield code="0">0</subfield>
    <subfield code="1">0</subfield>
    <subfield code="4">0</subfield>
    <subfield code="7">0</subfield>
    <subfield code="a">BCEJYS</subfield>
    <subfield code="b">BCEJYS</subfield>
    <subfield code="c">17</subfield>
    <subfield code="d">1991-12-01</subfield>
    <subfield code="h">A&#xF1;o LXII, N&#xBA; 28 - dic. 1991</subfield>
    <subfield code="l">0</subfield>
    <subfield code="o">H657 REV 28</subfield>
    <subfield code="p">R07589</subfield>
    <subfield code="r">2026-04-10 16:07:36</subfield>
    <subfield code="w">2026-04-10</subfield>
    <subfield code="y">RN</subfield>
  </datafield>
  <datafield tag="952" ind1=" " ind2=" ">
    <subfield code="0">0</subfield>
    <subfield code="1">0</subfield>
    <subfield code="4">0</subfield>
    <subfield code="7">0</subfield>
    <subfield code="a">BCEJYS</subfield>
    <subfield code="b">BCEJYS</subfield>
    <subfield code="c">17</subfield>
    <subfield code="d">1991-12-01</subfield>
    <subfield code="h">A&#xF1;o LXII, N&#xBA; 28 - dic. 1991</subfield>
    <subfield code="l">0</subfield>
    <subfield code="o">H657 REV 28 Ej.2</subfield>
    <subfield code="p">R07590</subfield>
    <subfield code="r">2026-04-10 16:07:36</subfield>
    <subfield code="w">2026-04-10</subfield>
    <subfield code="y">RN</subfield>
  </datafield>
  <datafield tag="952" ind1=" " ind2=" ">
    <subfield code="0">0</subfield>
    <subfield code="1">0</subfield>
    <subfield code="4">0</subfield>
    <subfield code="7">0</subfield>
    <subfield code="a">BCEJYS</subfield>
    <subfield code="b">BCEJYS</subfield>
    <subfield code="c">17</subfield>
    <subfield code="d">1991-09-01</subfield>
    <subfield code="h">A&#xF1;o LXII, N&#xBA; 27 - sep. 1991</subfield>
    <subfield code="l">0</subfield>
    <subfield code="o">H657 REV 27</subfield>
    <subfield code="p">R07588</subfield>
    <subfield code="r">2026-04-10 16:07:36</subfield>
    <subfield code="w">2026-04-10</subfield>
    <subfield code="y">RN</subfield>
  </datafield>
  <datafield tag="952" ind1=" " ind2=" ">
    <subfield code="0">0</subfield>
    <subfield code="1">0</subfield>
    <subfield code="4">0</subfield>
    <subfield code="7">0</subfield>
    <subfield code="a">BCEJYS</subfield>
    <subfield code="b">BCEJYS</subfield>
    <subfield code="c">17</subfield>
    <subfield code="d">1991-09-01</subfield>
    <subfield code="h">A&#xF1;o LXII, N&#xBA; 27 - sep. 1991</subfield>
    <subfield code="l">0</subfield>
    <subfield code="o">H657 REV 27 Ej.2</subfield>
    <subfield code="p">R07587</subfield>
    <subfield code="r">2026-04-10 16:07:36</subfield>
    <subfield code="w">2026-04-10</subfield>
    <subfield code="y">RN</subfield>
  </datafield>
  <datafield tag="952" ind1=" " ind2=" ">
    <subfield code="0">0</subfield>
    <subfield code="1">0</subfield>
    <subfield code="4">0</subfield>
    <subfield code="7">0</subfield>
    <subfield code="a">BCEJYS</subfield>
    <subfield code="b">BCEJYS</subfield>
    <subfield code="c">17</subfield>
    <subfield code="d">1991-06-01</subfield>
    <subfield code="h">A&#xF1;o LXII, N&#xBA; 26 - jun. 1991</subfield>
    <subfield code="l">0</subfield>
    <subfield code="o">H657 REV 26</subfield>
    <subfield code="p">R07585</subfield>
    <subfield code="r">2026-04-10 16:07:36</subfield>
    <subfield code="w">2026-04-10</subfield>
    <subfield code="y">RN</subfield>
  </datafield>
  <datafield tag="952" ind1=" " ind2=" ">
    <subfield code="0">0</subfield>
    <subfield code="1">0</subfield>
    <subfield code="4">0</subfield>
    <subfield code="7">0</subfield>
    <subfield code="a">BCEJYS</subfield>
    <subfield code="b">BCEJYS</subfield>
    <subfield code="c">17</subfield>
    <subfield code="d">1991-06-01</subfield>
    <subfield code="h">A&#xF1;o LXII, N&#xBA; 26 - jun. 1991</subfield>
    <subfield code="l">0</subfield>
    <subfield code="o">H657 REV 26 Ej.2</subfield>
    <subfield code="p">R07586</subfield>
    <subfield code="r">2026-04-10 16:07:36</subfield>
    <subfield code="w">2026-04-10</subfield>
    <subfield code="y">RN</subfield>
  </datafield>
  <datafield tag="952" ind1=" " ind2=" ">
    <subfield code="0">0</subfield>
    <subfield code="1">0</subfield>
    <subfield code="4">0</subfield>
    <subfield code="7">0</subfield>
    <subfield code="a">BCEJYS</subfield>
    <subfield code="b">BCEJYS</subfield>
    <subfield code="c">17</subfield>
    <subfield code="d">1991-03-01</subfield>
    <subfield code="h">A&#xF1;o LXII, N&#xBA; 25 - mar.1991</subfield>
    <subfield code="l">0</subfield>
    <subfield code="o">H657 REV 25</subfield>
    <subfield code="p">R07583</subfield>
    <subfield code="r">2026-04-10 16:07:36</subfield>
    <subfield code="w">2026-04-10</subfield>
    <subfield code="y">RN</subfield>
  </datafield>
  <datafield tag="952" ind1=" " ind2=" ">
    <subfield code="0">0</subfield>
    <subfield code="1">0</subfield>
    <subfield code="4">0</subfield>
    <subfield code="7">0</subfield>
    <subfield code="a">BCEJYS</subfield>
    <subfield code="b">BCEJYS</subfield>
    <subfield code="c">17</subfield>
    <subfield code="d">1991-03-01</subfield>
    <subfield code="h">A&#xF1;o LXII, N&#xBA; 25 - mar.1991</subfield>
    <subfield code="l">0</subfield>
    <subfield code="o">H657 REV 25 Ej.2</subfield>
    <subfield code="p">R07584</subfield>
    <subfield code="r">2026-04-10 16:07:36</subfield>
    <subfield code="w">2026-04-10</subfield>
    <subfield code="y">RN</subfield>
  </datafield>
  <datafield tag="952" ind1=" " ind2=" ">
    <subfield code="0">0</subfield>
    <subfield code="1">0</subfield>
    <subfield code="4">0</subfield>
    <subfield code="7">0</subfield>
    <subfield code="a">BCEJYS</subfield>
    <subfield code="b">BCEJYS</subfield>
    <subfield code="c">17</subfield>
    <subfield code="d">1990-12-01</subfield>
    <subfield code="h">A&#xF1;o LXI, N&#xBA; 24 - dic. 1990</subfield>
    <subfield code="l">0</subfield>
    <subfield code="o">H657 REV 24</subfield>
    <subfield code="p">R07582</subfield>
    <subfield code="r">2026-04-10 16:07:36</subfield>
    <subfield code="w">2026-04-10</subfield>
    <subfield code="y">RN</subfield>
  </datafield>
  <datafield tag="952" ind1=" " ind2=" ">
    <subfield code="0">0</subfield>
    <subfield code="1">0</subfield>
    <subfield code="4">0</subfield>
    <subfield code="7">0</subfield>
    <subfield code="a">BCEJYS</subfield>
    <subfield code="b">BCEJYS</subfield>
    <subfield code="c">17</subfield>
    <subfield code="d">1990-09-01</subfield>
    <subfield code="h">A&#xF1;o LXI, N&#xBA; 23 - sep. 1990</subfield>
    <subfield code="l">0</subfield>
    <subfield code="o">H657 REV 23</subfield>
    <subfield code="p">R07581</subfield>
    <subfield code="r">2026-04-10 16:07:36</subfield>
    <subfield code="w">2026-04-10</subfield>
    <subfield code="y">RN</subfield>
  </datafield>
  <datafield tag="952" ind1=" " ind2=" ">
    <subfield code="0">0</subfield>
    <subfield code="1">0</subfield>
    <subfield code="4">0</subfield>
    <subfield code="7">0</subfield>
    <subfield code="a">BCEJYS</subfield>
    <subfield code="b">BCEJYS</subfield>
    <subfield code="c">17</subfield>
    <subfield code="d">1990-06-01</subfield>
    <subfield code="h">A&#xF1;o LXI, N&#xBA; 22 - jun. 1990</subfield>
    <subfield code="l">0</subfield>
    <subfield code="o">H657 REV 22</subfield>
    <subfield code="p">R07580</subfield>
    <subfield code="r">2026-04-10 16:07:36</subfield>
    <subfield code="w">2026-04-10</subfield>
    <subfield code="y">RN</subfield>
  </datafield>
  <datafield tag="952" ind1=" " ind2=" ">
    <subfield code="0">0</subfield>
    <subfield code="1">0</subfield>
    <subfield code="4">0</subfield>
    <subfield code="7">0</subfield>
    <subfield code="a">BCEJYS</subfield>
    <subfield code="b">BCEJYS</subfield>
    <subfield code="c">17</subfield>
    <subfield code="d">1990-03-01</subfield>
    <subfield code="h">A&#xF1;o LXI, N&#xBA; 21 - mar. 1990</subfield>
    <subfield code="l">0</subfield>
    <subfield code="o">H657 REV 21</subfield>
    <subfield code="p">R07579</subfield>
    <subfield code="r">2026-04-10 16:07:36</subfield>
    <subfield code="w">2026-04-10</subfield>
    <subfield code="y">RN</subfield>
  </datafield>
  <datafield tag="952" ind1=" " ind2=" ">
    <subfield code="0">0</subfield>
    <subfield code="1">0</subfield>
    <subfield code="4">0</subfield>
    <subfield code="7">0</subfield>
    <subfield code="a">BCEJYS</subfield>
    <subfield code="b">BCEJYS</subfield>
    <subfield code="c">17</subfield>
    <subfield code="d">1989-12-01</subfield>
    <subfield code="h">A&#xF1;o LX, N&#xBA; 20 - dic. 1989</subfield>
    <subfield code="l">0</subfield>
    <subfield code="o">H657 REV 20</subfield>
    <subfield code="p">R07577</subfield>
    <subfield code="r">2026-04-10 16:07:36</subfield>
    <subfield code="w">2026-04-10</subfield>
    <subfield code="y">RN</subfield>
  </datafield>
  <datafield tag="952" ind1=" " ind2=" ">
    <subfield code="0">0</subfield>
    <subfield code="1">0</subfield>
    <subfield code="4">0</subfield>
    <subfield code="7">0</subfield>
    <subfield code="a">BCEJYS</subfield>
    <subfield code="b">BCEJYS</subfield>
    <subfield code="c">17</subfield>
    <subfield code="d">1989-12-01</subfield>
    <subfield code="h">A&#xF1;o LX, N&#xBA; 20 - dic. 1989</subfield>
    <subfield code="l">0</subfield>
    <subfield code="o">H657 REV 20 Ej.2</subfield>
    <subfield code="p">R07578</subfield>
    <subfield code="r">2026-04-10 16:07:36</subfield>
    <subfield code="w">2026-04-10</subfield>
    <subfield code="y">RN</subfield>
  </datafield>
  <datafield tag="952" ind1=" " ind2=" ">
    <subfield code="0">0</subfield>
    <subfield code="1">0</subfield>
    <subfield code="4">0</subfield>
    <subfield code="7">0</subfield>
    <subfield code="a">BCEJYS</subfield>
    <subfield code="b">BCEJYS</subfield>
    <subfield code="c">17</subfield>
    <subfield code="d">1989-09-01</subfield>
    <subfield code="h">A&#xF1;o LX, N&#xBA; 19 - sep. 1989</subfield>
    <subfield code="l">0</subfield>
    <subfield code="o">H657 REV 19</subfield>
    <subfield code="p">R07575</subfield>
    <subfield code="r">2026-04-10 16:07:36</subfield>
    <subfield code="w">2026-04-10</subfield>
    <subfield code="y">RN</subfield>
  </datafield>
  <datafield tag="952" ind1=" " ind2=" ">
    <subfield code="0">0</subfield>
    <subfield code="1">0</subfield>
    <subfield code="4">0</subfield>
    <subfield code="7">0</subfield>
    <subfield code="a">BCEJYS</subfield>
    <subfield code="b">BCEJYS</subfield>
    <subfield code="c">17</subfield>
    <subfield code="d">1989-09-01</subfield>
    <subfield code="h">A&#xF1;o LX, N&#xBA; 19 - sep. 1989</subfield>
    <subfield code="l">0</subfield>
    <subfield code="o">H657 REV 19 Ej.2</subfield>
    <subfield code="p">R07576</subfield>
    <subfield code="r">2026-04-10 16:07:36</subfield>
    <subfield code="w">2026-04-10</subfield>
    <subfield code="y">RN</subfield>
  </datafield>
  <datafield tag="952" ind1=" " ind2=" ">
    <subfield code="0">0</subfield>
    <subfield code="1">0</subfield>
    <subfield code="4">0</subfield>
    <subfield code="7">0</subfield>
    <subfield code="a">BCEJYS</subfield>
    <subfield code="b">BCEJYS</subfield>
    <subfield code="c">17</subfield>
    <subfield code="d">1989-06-01</subfield>
    <subfield code="h">A&#xF1;o LX, N&#xBA; 18 - jun. 1989</subfield>
    <subfield code="l">0</subfield>
    <subfield code="o">H657 REV 18</subfield>
    <subfield code="p">R07573</subfield>
    <subfield code="r">2026-04-10 16:07:36</subfield>
    <subfield code="w">2026-04-10</subfield>
    <subfield code="y">RN</subfield>
  </datafield>
  <datafield tag="952" ind1=" " ind2=" ">
    <subfield code="0">0</subfield>
    <subfield code="1">0</subfield>
    <subfield code="4">0</subfield>
    <subfield code="7">0</subfield>
    <subfield code="a">BCEJYS</subfield>
    <subfield code="b">BCEJYS</subfield>
    <subfield code="c">17</subfield>
    <subfield code="d">1989-06-01</subfield>
    <subfield code="h">A&#xF1;o LX, N&#xBA; 18 - jun. 1989</subfield>
    <subfield code="l">0</subfield>
    <subfield code="o">H657 REV 18 Ej.2</subfield>
    <subfield code="p">R07574</subfield>
    <subfield code="r">2026-04-10 16:07:36</subfield>
    <subfield code="w">2026-04-10</subfield>
    <subfield code="y">RN</subfield>
  </datafield>
  <datafield tag="952" ind1=" " ind2=" ">
    <subfield code="0">0</subfield>
    <subfield code="1">0</subfield>
    <subfield code="4">0</subfield>
    <subfield code="7">0</subfield>
    <subfield code="a">BCEJYS</subfield>
    <subfield code="b">BCEJYS</subfield>
    <subfield code="c">17</subfield>
    <subfield code="d">1989-03-01</subfield>
    <subfield code="h">A&#xF1;o LX, N&#xBA; 17 - mar. 1989</subfield>
    <subfield code="l">0</subfield>
    <subfield code="o">H657 REV 17</subfield>
    <subfield code="p">R07571</subfield>
    <subfield code="r">2026-04-10 16:07:36</subfield>
    <subfield code="w">2026-04-10</subfield>
    <subfield code="y">RN</subfield>
  </datafield>
  <datafield tag="952" ind1=" " ind2=" ">
    <subfield code="0">0</subfield>
    <subfield code="1">0</subfield>
    <subfield code="4">0</subfield>
    <subfield code="7">0</subfield>
    <subfield code="a">BCEJYS</subfield>
    <subfield code="b">BCEJYS</subfield>
    <subfield code="c">17</subfield>
    <subfield code="d">1989-03-01</subfield>
    <subfield code="h">A&#xF1;o LX, N&#xBA; 17 - mar. 1989</subfield>
    <subfield code="l">0</subfield>
    <subfield code="o">H657 REV 17 Ej.2</subfield>
    <subfield code="p">R07572</subfield>
    <subfield code="r">2026-04-10 16:07:36</subfield>
    <subfield code="w">2026-04-10</subfield>
    <subfield code="y">RN</subfield>
  </datafield>
  <datafield tag="952" ind1=" " ind2=" ">
    <subfield code="0">0</subfield>
    <subfield code="1">0</subfield>
    <subfield code="4">0</subfield>
    <subfield code="7">0</subfield>
    <subfield code="a">BCEJYS</subfield>
    <subfield code="b">BCEJYS</subfield>
    <subfield code="c">17</subfield>
    <subfield code="d">1988-12-01</subfield>
    <subfield code="h">A&#xF1;o LIX, N&#xBA; 16 - dic. 1988</subfield>
    <subfield code="l">0</subfield>
    <subfield code="o">H657 REV 16</subfield>
    <subfield code="p">R07569</subfield>
    <subfield code="r">2026-04-10 16:07:36</subfield>
    <subfield code="w">2026-04-10</subfield>
    <subfield code="y">RN</subfield>
  </datafield>
  <datafield tag="952" ind1=" " ind2=" ">
    <subfield code="0">0</subfield>
    <subfield code="1">0</subfield>
    <subfield code="4">0</subfield>
    <subfield code="7">0</subfield>
    <subfield code="a">BCEJYS</subfield>
    <subfield code="b">BCEJYS</subfield>
    <subfield code="c">17</subfield>
    <subfield code="d">1988-12-01</subfield>
    <subfield code="h">A&#xF1;o LIX, N&#xBA; 16 - dic. 1988</subfield>
    <subfield code="l">0</subfield>
    <subfield code="o">H657 REV 16 Ej.2</subfield>
    <subfield code="p">R07570</subfield>
    <subfield code="r">2026-04-10 16:07:36</subfield>
    <subfield code="w">2026-04-10</subfield>
    <subfield code="y">RN</subfield>
  </datafield>
  <datafield tag="952" ind1=" " ind2=" ">
    <subfield code="0">0</subfield>
    <subfield code="1">0</subfield>
    <subfield code="4">0</subfield>
    <subfield code="7">0</subfield>
    <subfield code="a">BCEJYS</subfield>
    <subfield code="b">BCEJYS</subfield>
    <subfield code="c">17</subfield>
    <subfield code="d">1988-09-01</subfield>
    <subfield code="h">A&#xF1;o LIX, N&#xBA; 15 - sep. 1988</subfield>
    <subfield code="l">0</subfield>
    <subfield code="o">H657 REV 15</subfield>
    <subfield code="p">R07567</subfield>
    <subfield code="r">2026-04-10 16:07:36</subfield>
    <subfield code="w">2026-04-10</subfield>
    <subfield code="y">RN</subfield>
  </datafield>
  <datafield tag="952" ind1=" " ind2=" ">
    <subfield code="0">0</subfield>
    <subfield code="1">0</subfield>
    <subfield code="4">0</subfield>
    <subfield code="7">0</subfield>
    <subfield code="a">BCEJYS</subfield>
    <subfield code="b">BCEJYS</subfield>
    <subfield code="c">17</subfield>
    <subfield code="d">1988-09-01</subfield>
    <subfield code="h">A&#xF1;o LIX, N&#xBA; 15 - sep. 1988</subfield>
    <subfield code="l">0</subfield>
    <subfield code="o">H657 REV 15 Ej.2</subfield>
    <subfield code="p">R07568</subfield>
    <subfield code="r">2026-04-10 16:07:36</subfield>
    <subfield code="w">2026-04-10</subfield>
    <subfield code="y">RN</subfield>
  </datafield>
  <datafield tag="952" ind1=" " ind2=" ">
    <subfield code="0">0</subfield>
    <subfield code="1">0</subfield>
    <subfield code="4">0</subfield>
    <subfield code="7">0</subfield>
    <subfield code="a">BCEJYS</subfield>
    <subfield code="b">BCEJYS</subfield>
    <subfield code="c">17</subfield>
    <subfield code="d">1988-06-01</subfield>
    <subfield code="h">A&#xF1;o LIX, N&#xBA; 14 - jun. 1988</subfield>
    <subfield code="l">0</subfield>
    <subfield code="o">H657 REV 14</subfield>
    <subfield code="p">R07565</subfield>
    <subfield code="r">2026-04-10 16:07:36</subfield>
    <subfield code="w">2026-04-10</subfield>
    <subfield code="y">RN</subfield>
  </datafield>
  <datafield tag="952" ind1=" " ind2=" ">
    <subfield code="0">0</subfield>
    <subfield code="1">0</subfield>
    <subfield code="4">0</subfield>
    <subfield code="7">0</subfield>
    <subfield code="a">BCEJYS</subfield>
    <subfield code="b">BCEJYS</subfield>
    <subfield code="c">17</subfield>
    <subfield code="d">1988-06-01</subfield>
    <subfield code="h">A&#xF1;o LIX, N&#xBA; 14 - jun. 1988</subfield>
    <subfield code="l">0</subfield>
    <subfield code="o">H657 REV 14 Ej.2</subfield>
    <subfield code="p">R07566</subfield>
    <subfield code="r">2026-04-10 16:07:36</subfield>
    <subfield code="w">2026-04-10</subfield>
    <subfield code="y">RN</subfield>
  </datafield>
  <datafield tag="952" ind1=" " ind2=" ">
    <subfield code="0">0</subfield>
    <subfield code="1">0</subfield>
    <subfield code="4">0</subfield>
    <subfield code="7">0</subfield>
    <subfield code="a">BCEJYS</subfield>
    <subfield code="b">BCEJYS</subfield>
    <subfield code="c">17</subfield>
    <subfield code="d">1988-03-01</subfield>
    <subfield code="h">A&#xF1;o LIX, N&#xBA; 13 - mar. 1988</subfield>
    <subfield code="l">0</subfield>
    <subfield code="o">H657 REV 13</subfield>
    <subfield code="p">R07563</subfield>
    <subfield code="r">2026-04-10 16:07:36</subfield>
    <subfield code="w">2026-04-10</subfield>
    <subfield code="y">RN</subfield>
  </datafield>
  <datafield tag="952" ind1=" " ind2=" ">
    <subfield code="0">0</subfield>
    <subfield code="1">0</subfield>
    <subfield code="4">0</subfield>
    <subfield code="7">0</subfield>
    <subfield code="a">BCEJYS</subfield>
    <subfield code="b">BCEJYS</subfield>
    <subfield code="c">17</subfield>
    <subfield code="d">1988-03-01</subfield>
    <subfield code="h">A&#xF1;o LIX, N&#xBA; 13 - mar. 1988</subfield>
    <subfield code="l">0</subfield>
    <subfield code="o">H657 REV 13 Ej.2</subfield>
    <subfield code="p">R07564</subfield>
    <subfield code="r">2026-04-10 16:07:36</subfield>
    <subfield code="w">2026-04-10</subfield>
    <subfield code="y">RN</subfield>
  </datafield>
  <datafield tag="952" ind1=" " ind2=" ">
    <subfield code="0">0</subfield>
    <subfield code="1">0</subfield>
    <subfield code="4">0</subfield>
    <subfield code="7">0</subfield>
    <subfield code="a">BCEJYS</subfield>
    <subfield code="b">BCEJYS</subfield>
    <subfield code="c">17</subfield>
    <subfield code="d">1987-12-01</subfield>
    <subfield code="h">A&#xF1;o LVIII, N&#xBA; 12 - dic. 1987</subfield>
    <subfield code="l">0</subfield>
    <subfield code="o">H657 REV 12</subfield>
    <subfield code="p">R07561</subfield>
    <subfield code="r">2026-04-10 16:07:36</subfield>
    <subfield code="w">2026-04-10</subfield>
    <subfield code="y">RN</subfield>
  </datafield>
  <datafield tag="952" ind1=" " ind2=" ">
    <subfield code="0">0</subfield>
    <subfield code="1">0</subfield>
    <subfield code="4">0</subfield>
    <subfield code="7">0</subfield>
    <subfield code="a">BCEJYS</subfield>
    <subfield code="b">BCEJYS</subfield>
    <subfield code="c">17</subfield>
    <subfield code="d">1987-12-01</subfield>
    <subfield code="h">A&#xF1;o LVIII, N&#xBA; 12 - dic. 1987</subfield>
    <subfield code="l">0</subfield>
    <subfield code="o">H657 REV 12 Ej.2</subfield>
    <subfield code="p">R07562</subfield>
    <subfield code="r">2026-04-10 16:07:36</subfield>
    <subfield code="w">2026-04-10</subfield>
    <subfield code="y">RN</subfield>
  </datafield>
  <datafield tag="952" ind1=" " ind2=" ">
    <subfield code="0">0</subfield>
    <subfield code="1">0</subfield>
    <subfield code="4">0</subfield>
    <subfield code="7">0</subfield>
    <subfield code="a">BCEJYS</subfield>
    <subfield code="b">BCEJYS</subfield>
    <subfield code="c">17</subfield>
    <subfield code="d">1987-09-01</subfield>
    <subfield code="h">A&#xF1;o LVIII, N&#xBA; 11 - sep. 1987</subfield>
    <subfield code="l">0</subfield>
    <subfield code="o">H657 REV 11</subfield>
    <subfield code="p">R07559</subfield>
    <subfield code="r">2026-04-10 16:07:36</subfield>
    <subfield code="w">2026-04-10</subfield>
    <subfield code="y">RN</subfield>
  </datafield>
  <datafield tag="952" ind1=" " ind2=" ">
    <subfield code="0">0</subfield>
    <subfield code="1">0</subfield>
    <subfield code="4">0</subfield>
    <subfield code="7">0</subfield>
    <subfield code="a">BCEJYS</subfield>
    <subfield code="b">BCEJYS</subfield>
    <subfield code="c">17</subfield>
    <subfield code="d">1987-09-01</subfield>
    <subfield code="h">A&#xF1;o LVIII, N&#xBA; 11 - sep. 1987</subfield>
    <subfield code="l">0</subfield>
    <subfield code="o">H657 REV 11 Ej.2</subfield>
    <subfield code="p">R07560</subfield>
    <subfield code="r">2026-04-10 16:07:36</subfield>
    <subfield code="w">2026-04-10</subfield>
    <subfield code="y">RN</subfield>
  </datafield>
  <datafield tag="952" ind1=" " ind2=" ">
    <subfield code="0">0</subfield>
    <subfield code="1">0</subfield>
    <subfield code="4">0</subfield>
    <subfield code="7">0</subfield>
    <subfield code="a">BCEJYS</subfield>
    <subfield code="b">BCEJYS</subfield>
    <subfield code="c">17</subfield>
    <subfield code="d">1987-06-01</subfield>
    <subfield code="h">A&#xF1;o LVIII, N&#xBA; 10 - jun. 1987</subfield>
    <subfield code="l">0</subfield>
    <subfield code="o">H657 REV 10</subfield>
    <subfield code="p">R07557</subfield>
    <subfield code="r">2026-04-10 16:07:36</subfield>
    <subfield code="w">2026-04-10</subfield>
    <subfield code="y">RN</subfield>
  </datafield>
  <datafield tag="952" ind1=" " ind2=" ">
    <subfield code="0">0</subfield>
    <subfield code="1">0</subfield>
    <subfield code="4">0</subfield>
    <subfield code="7">0</subfield>
    <subfield code="a">BCEJYS</subfield>
    <subfield code="b">BCEJYS</subfield>
    <subfield code="c">17</subfield>
    <subfield code="d">1987-06-01</subfield>
    <subfield code="h">A&#xF1;o LVIII, N&#xBA; 10 - jun. 1987</subfield>
    <subfield code="l">0</subfield>
    <subfield code="o">H657 REV 10 Ej.2</subfield>
    <subfield code="p">R07558</subfield>
    <subfield code="r">2026-04-10 16:07:36</subfield>
    <subfield code="w">2026-04-10</subfield>
    <subfield code="y">RN</subfield>
  </datafield>
  <datafield tag="952" ind1=" " ind2=" ">
    <subfield code="0">0</subfield>
    <subfield code="1">0</subfield>
    <subfield code="4">0</subfield>
    <subfield code="7">0</subfield>
    <subfield code="a">BCEJYS</subfield>
    <subfield code="b">BCEJYS</subfield>
    <subfield code="c">17</subfield>
    <subfield code="d">1987-03-01</subfield>
    <subfield code="h">A&#xF1;o LVIII, N&#xBA; 9 - mar. 1987</subfield>
    <subfield code="l">0</subfield>
    <subfield code="o">H657 REV 9</subfield>
    <subfield code="p">R07555</subfield>
    <subfield code="r">2026-04-10 16:07:36</subfield>
    <subfield code="w">2026-04-10</subfield>
    <subfield code="y">RN</subfield>
  </datafield>
  <datafield tag="952" ind1=" " ind2=" ">
    <subfield code="0">0</subfield>
    <subfield code="1">0</subfield>
    <subfield code="4">0</subfield>
    <subfield code="7">0</subfield>
    <subfield code="a">BCEJYS</subfield>
    <subfield code="b">BCEJYS</subfield>
    <subfield code="c">17</subfield>
    <subfield code="d">1987-03-01</subfield>
    <subfield code="h">A&#xF1;o LVIII, N&#xBA; 9 - mar. 1987</subfield>
    <subfield code="l">0</subfield>
    <subfield code="o">H657 REV 9 Ej.2</subfield>
    <subfield code="p">R07556</subfield>
    <subfield code="r">2026-04-10 16:07:36</subfield>
    <subfield code="w">2026-04-10</subfield>
    <subfield code="y">RN</subfield>
  </datafield>
  <datafield tag="952" ind1=" " ind2=" ">
    <subfield code="0">0</subfield>
    <subfield code="1">0</subfield>
    <subfield code="4">0</subfield>
    <subfield code="7">0</subfield>
    <subfield code="a">BCEJYS</subfield>
    <subfield code="b">BCEJYS</subfield>
    <subfield code="c">17</subfield>
    <subfield code="d">1986-12-01</subfield>
    <subfield code="h">A&#xF1;o LVII, N&#xBA; 8 - dic. 1986</subfield>
    <subfield code="l">0</subfield>
    <subfield code="o">H657 REV 8</subfield>
    <subfield code="p">R07553</subfield>
    <subfield code="r">2026-04-10 16:07:36</subfield>
    <subfield code="w">2026-04-10</subfield>
    <subfield code="y">RN</subfield>
  </datafield>
  <datafield tag="952" ind1=" " ind2=" ">
    <subfield code="0">0</subfield>
    <subfield code="1">0</subfield>
    <subfield code="4">0</subfield>
    <subfield code="7">0</subfield>
    <subfield code="a">BCEJYS</subfield>
    <subfield code="b">BCEJYS</subfield>
    <subfield code="c">17</subfield>
    <subfield code="d">1986-12-01</subfield>
    <subfield code="h">A&#xF1;o LVII, N&#xBA; 8 - dic. 1986</subfield>
    <subfield code="l">0</subfield>
    <subfield code="o">H657 REV 8 Ej.2</subfield>
    <subfield code="p">R07554</subfield>
    <subfield code="r">2026-04-10 16:07:36</subfield>
    <subfield code="w">2026-04-10</subfield>
    <subfield code="y">RN</subfield>
  </datafield>
  <datafield tag="952" ind1=" " ind2=" ">
    <subfield code="0">0</subfield>
    <subfield code="1">0</subfield>
    <subfield code="4">0</subfield>
    <subfield code="7">0</subfield>
    <subfield code="a">BCEJYS</subfield>
    <subfield code="b">BCEJYS</subfield>
    <subfield code="c">17</subfield>
    <subfield code="d">1986-09-01</subfield>
    <subfield code="h">A&#xF1;o LVII, N&#xBA; 7 - sep. 1986</subfield>
    <subfield code="l">0</subfield>
    <subfield code="o">H657 REV 7</subfield>
    <subfield code="p">R07551</subfield>
    <subfield code="r">2026-04-10 16:07:36</subfield>
    <subfield code="w">2026-04-10</subfield>
    <subfield code="y">RN</subfield>
  </datafield>
  <datafield tag="952" ind1=" " ind2=" ">
    <subfield code="0">0</subfield>
    <subfield code="1">0</subfield>
    <subfield code="4">0</subfield>
    <subfield code="7">0</subfield>
    <subfield code="a">BCEJYS</subfield>
    <subfield code="b">BCEJYS</subfield>
    <subfield code="c">17</subfield>
    <subfield code="d">1986-09-01</subfield>
    <subfield code="h">A&#xF1;o LVII, N&#xBA; 7 - sep. 1986</subfield>
    <subfield code="l">0</subfield>
    <subfield code="o">H657 REV 7 Ej.2</subfield>
    <subfield code="p">R07552</subfield>
    <subfield code="r">2026-04-10 16:07:36</subfield>
    <subfield code="w">2026-04-10</subfield>
    <subfield code="y">RN</subfield>
  </datafield>
  <datafield tag="952" ind1=" " ind2=" ">
    <subfield code="0">0</subfield>
    <subfield code="1">0</subfield>
    <subfield code="4">0</subfield>
    <subfield code="7">0</subfield>
    <subfield code="a">BCEJYS</subfield>
    <subfield code="b">BCEJYS</subfield>
    <subfield code="c">17</subfield>
    <subfield code="d">1986-06-01</subfield>
    <subfield code="h">A&#xF1;o LVII, N&#xBA; 6 - jun. 1986</subfield>
    <subfield code="l">0</subfield>
    <subfield code="o">H657 REV 6</subfield>
    <subfield code="p">R07549</subfield>
    <subfield code="r">2026-04-10 16:07:36</subfield>
    <subfield code="w">2026-04-10</subfield>
    <subfield code="y">RN</subfield>
  </datafield>
  <datafield tag="952" ind1=" " ind2=" ">
    <subfield code="0">0</subfield>
    <subfield code="1">0</subfield>
    <subfield code="4">0</subfield>
    <subfield code="7">0</subfield>
    <subfield code="a">BCEJYS</subfield>
    <subfield code="b">BCEJYS</subfield>
    <subfield code="c">17</subfield>
    <subfield code="d">1986-06-01</subfield>
    <subfield code="h">A&#xF1;o LVII, N&#xBA; 6 - jun. 1986</subfield>
    <subfield code="l">0</subfield>
    <subfield code="o">H657 REV 6 Ej.2</subfield>
    <subfield code="p">R07550</subfield>
    <subfield code="r">2026-04-10 16:07:36</subfield>
    <subfield code="w">2026-04-10</subfield>
    <subfield code="y">RN</subfield>
  </datafield>
  <datafield tag="952" ind1=" " ind2=" ">
    <subfield code="0">0</subfield>
    <subfield code="1">0</subfield>
    <subfield code="4">0</subfield>
    <subfield code="7">0</subfield>
    <subfield code="a">BCEJYS</subfield>
    <subfield code="b">BCEJYS</subfield>
    <subfield code="c">17</subfield>
    <subfield code="d">1986-03-01</subfield>
    <subfield code="h">A&#xF1;o LVII, N&#xBA; 5 - mar. 1986</subfield>
    <subfield code="l">0</subfield>
    <subfield code="o">H657 REV 5</subfield>
    <subfield code="p">R07547</subfield>
    <subfield code="r">2026-04-10 16:07:36</subfield>
    <subfield code="w">2026-04-10</subfield>
    <subfield code="y">RN</subfield>
  </datafield>
  <datafield tag="952" ind1=" " ind2=" ">
    <subfield code="0">0</subfield>
    <subfield code="1">0</subfield>
    <subfield code="4">0</subfield>
    <subfield code="7">0</subfield>
    <subfield code="a">BCEJYS</subfield>
    <subfield code="b">BCEJYS</subfield>
    <subfield code="c">17</subfield>
    <subfield code="d">1986-03-01</subfield>
    <subfield code="h">A&#xF1;o LVII, N&#xBA; 5 - mar. 1986</subfield>
    <subfield code="l">0</subfield>
    <subfield code="o">H657 REV 5 Ej.2</subfield>
    <subfield code="p">R07548</subfield>
    <subfield code="r">2026-04-10 16:07:36</subfield>
    <subfield code="w">2026-04-10</subfield>
    <subfield code="y">RN</subfield>
  </datafield>
  <datafield tag="952" ind1=" " ind2=" ">
    <subfield code="0">0</subfield>
    <subfield code="1">0</subfield>
    <subfield code="4">0</subfield>
    <subfield code="7">0</subfield>
    <subfield code="a">BCEJYS</subfield>
    <subfield code="b">BCEJYS</subfield>
    <subfield code="c">17</subfield>
    <subfield code="d">1985-12-01</subfield>
    <subfield code="h">A&#xF1;o LVI, N&#xBA; 4 - dic. 1985</subfield>
    <subfield code="l">0</subfield>
    <subfield code="o">H657 REV 4</subfield>
    <subfield code="p">R07545</subfield>
    <subfield code="r">2026-04-10 16:07:36</subfield>
    <subfield code="w">2026-04-10</subfield>
    <subfield code="y">RN</subfield>
  </datafield>
  <datafield tag="952" ind1=" " ind2=" ">
    <subfield code="0">0</subfield>
    <subfield code="1">0</subfield>
    <subfield code="4">0</subfield>
    <subfield code="7">0</subfield>
    <subfield code="a">BCEJYS</subfield>
    <subfield code="b">BCEJYS</subfield>
    <subfield code="c">17</subfield>
    <subfield code="d">1985-12-01</subfield>
    <subfield code="h">A&#xF1;o LVI, N&#xBA; 4 - dic. 1985</subfield>
    <subfield code="l">0</subfield>
    <subfield code="o">H657 REV 4 Ej.2</subfield>
    <subfield code="p">R07546</subfield>
    <subfield code="r">2026-04-10 16:07:36</subfield>
    <subfield code="w">2026-04-10</subfield>
    <subfield code="y">RN</subfield>
  </datafield>
  <datafield tag="952" ind1=" " ind2=" ">
    <subfield code="0">0</subfield>
    <subfield code="1">0</subfield>
    <subfield code="4">0</subfield>
    <subfield code="7">0</subfield>
    <subfield code="a">BCEJYS</subfield>
    <subfield code="b">BCEJYS</subfield>
    <subfield code="c">17</subfield>
    <subfield code="d">1985-09-01</subfield>
    <subfield code="h">A&#xF1;o LVI, N&#xBA; 3 - sep. 1985</subfield>
    <subfield code="l">0</subfield>
    <subfield code="o">H657 REV 3</subfield>
    <subfield code="p">R07543</subfield>
    <subfield code="r">2026-04-10 16:07:37</subfield>
    <subfield code="w">2026-04-10</subfield>
    <subfield code="y">RN</subfield>
  </datafield>
  <datafield tag="952" ind1=" " ind2=" ">
    <subfield code="0">0</subfield>
    <subfield code="1">0</subfield>
    <subfield code="4">0</subfield>
    <subfield code="7">0</subfield>
    <subfield code="a">BCEJYS</subfield>
    <subfield code="b">BCEJYS</subfield>
    <subfield code="c">17</subfield>
    <subfield code="d">1985-09-01</subfield>
    <subfield code="h">A&#xF1;o LVI, N&#xBA; 3 - sep. 1985</subfield>
    <subfield code="l">0</subfield>
    <subfield code="o">H657 REV 3 Ej.2</subfield>
    <subfield code="p">R07544</subfield>
    <subfield code="r">2026-04-10 16:07:37</subfield>
    <subfield code="w">2026-04-10</subfield>
    <subfield code="y">RN</subfield>
  </datafield>
  <datafield tag="952" ind1=" " ind2=" ">
    <subfield code="0">0</subfield>
    <subfield code="1">0</subfield>
    <subfield code="4">0</subfield>
    <subfield code="7">0</subfield>
    <subfield code="a">BCEJYS</subfield>
    <subfield code="b">BCEJYS</subfield>
    <subfield code="c">17</subfield>
    <subfield code="d">1985-06-01</subfield>
    <subfield code="h">A&#xF1;o LVI, N&#xBA; 2 - jun. 1985</subfield>
    <subfield code="l">0</subfield>
    <subfield code="o">H657 REV 2</subfield>
    <subfield code="p">R07541</subfield>
    <subfield code="r">2026-04-10 16:07:37</subfield>
    <subfield code="w">2026-04-10</subfield>
    <subfield code="y">RN</subfield>
  </datafield>
  <datafield tag="952" ind1=" " ind2=" ">
    <subfield code="0">0</subfield>
    <subfield code="1">0</subfield>
    <subfield code="4">0</subfield>
    <subfield code="7">0</subfield>
    <subfield code="a">BCEJYS</subfield>
    <subfield code="b">BCEJYS</subfield>
    <subfield code="c">17</subfield>
    <subfield code="d">1985-06-01</subfield>
    <subfield code="h">A&#xF1;o LVI, N&#xBA; 2 - jun. 1985</subfield>
    <subfield code="l">0</subfield>
    <subfield code="o">H657 REV 2 Ej.2</subfield>
    <subfield code="p">R07542</subfield>
    <subfield code="r">2026-04-10 16:07:37</subfield>
    <subfield code="w">2026-04-10</subfield>
    <subfield code="y">RN</subfield>
  </datafield>
  <datafield tag="952" ind1=" " ind2=" ">
    <subfield code="0">0</subfield>
    <subfield code="1">0</subfield>
    <subfield code="4">0</subfield>
    <subfield code="7">0</subfield>
    <subfield code="a">BCEJYS</subfield>
    <subfield code="b">BCEJYS</subfield>
    <subfield code="c">17</subfield>
    <subfield code="d">1985-03-01</subfield>
    <subfield code="h">A&#xF1;o LVI, N&#xBA; 1 - mar. 1985</subfield>
    <subfield code="l">0</subfield>
    <subfield code="o">H657 REV 1</subfield>
    <subfield code="p">R07539</subfield>
    <subfield code="r">2026-04-10 16:07:37</subfield>
    <subfield code="w">2026-04-10</subfield>
    <subfield code="y">RN</subfield>
  </datafield>
  <datafield tag="952" ind1=" " ind2=" ">
    <subfield code="0">0</subfield>
    <subfield code="1">0</subfield>
    <subfield code="4">0</subfield>
    <subfield code="7">0</subfield>
    <subfield code="a">BCEJYS</subfield>
    <subfield code="b">BCEJYS</subfield>
    <subfield code="c">17</subfield>
    <subfield code="d">1985-03-01</subfield>
    <subfield code="h">A&#xF1;o LVI, N&#xBA; 1 - mar. 1985</subfield>
    <subfield code="l">0</subfield>
    <subfield code="o">H657 REV 1 Ej.2</subfield>
    <subfield code="p">R07540</subfield>
    <subfield code="r">2026-04-10 16:07:37</subfield>
    <subfield code="w">2026-04-10</subfield>
    <subfield code="y">RN</subfield>
  </datafield>
  <datafield tag="952" ind1=" " ind2=" ">
    <subfield code="0">0</subfield>
    <subfield code="1">0</subfield>
    <subfield code="4">0</subfield>
    <subfield code="7">0</subfield>
    <subfield code="a">BCEJYS</subfield>
    <subfield code="b">BCEJYS</subfield>
    <subfield code="c">17</subfield>
    <subfield code="d">1984-10-01</subfield>
    <subfield code="h">A&#xF1;o LVI, N&#xBA; 0 - oct. 1984</subfield>
    <subfield code="l">0</subfield>
    <subfield code="o">H657 REV 0</subfield>
    <subfield code="p">R07537</subfield>
    <subfield code="r">2026-04-10 16:07:37</subfield>
    <subfield code="w">2026-04-10</subfield>
    <subfield code="y">RN</subfield>
  </datafield>
  <datafield tag="952" ind1=" " ind2=" ">
    <subfield code="0">0</subfield>
    <subfield code="1">0</subfield>
    <subfield code="4">0</subfield>
    <subfield code="7">0</subfield>
    <subfield code="a">BCEJYS</subfield>
    <subfield code="b">BCEJYS</subfield>
    <subfield code="c">17</subfield>
    <subfield code="d">1984-10-01</subfield>
    <subfield code="h">A&#xF1;o LVI, N&#xBA; 0 - oct. 1984</subfield>
    <subfield code="l">0</subfield>
    <subfield code="o">H657 REV 0 Ej.2</subfield>
    <subfield code="p">R07538</subfield>
    <subfield code="r">2026-04-10 16:07:37</subfield>
    <subfield code="w">2026-04-10</subfield>
    <subfield code="y">RN</subfield>
  </datafield>
</record>
